[Event "RUS-Cup8"]
[Site "Smolensk"]
[Date "1997.??.??"]
[Round "5"]
[White "Asrian, Karen"]
[Black "Yakovich, Yuri"]
[Result "1-0"]
[WhiteElo "2440"]
[BlackElo "2575"]
[PlyCount "123"]
[EventDate "1997.06.13"]
[Source "ChessBase"]
[SourceDate "1997.07.29"]

1. e4 c5 2. Nf3 Nc6 3. d4 cxd4 4. Nxd4 Nf6 5. Nc3 d6 6. Be2 g6 7. Be3 Bg7 8. O-O O-O 9. Nb3 Be6 10. f4 Qc8 11. Kh1 Bg4 12. Bxg4 Qxg4 13. Qxg4 Nxg4 14. Bd2 Rfc8 15. h3 Nf6 16. Rae1 Nd7 17. Nd1 a5 18. c3 b5 19. Ne3 Kf8 20. Nc1 b4 21. Nd3 bxc3 22. Bxc3 Bxc3 23. bxc3 Rab8 24. Kh2 Nd8 25. c4 Ne6 26. Rb1 Ndc5 27. Nxc5 Nxc5 28. e5 dxe5 29. fxe5 e6 30. Ng4 Rb4 31. Rxb4 axb4 32. Rd1 Ne4 33. Rd7 Rxc4 34. Nf6 Kg7 35. Ne8+ Kf8 36. Nf6 h5 37. Rd8+ Kg7 38. Ne8+ Kh6 39. Rd7 Rc8 40. Nc7 Rf8 41. Na6 g5 42. Nxb4 h4 43. Rd4 Ng3 44. Nc6 Ra8 45. Rc4 Nf1+ 46. Kg1 Ne3 47. Rc3 Nd5 48. Rc2 Ra3 49. Nd4 Nf4 50. Nf3 Ra6 51. Rd2 Kg6 52. Kh2 Kf5 53. Rb2 Nd3 54. Re2 Ra5 55. Nd4+ Kf4 56. Nc6 Rd5 57. Nb8 Ra5 58. Nc6 Ra6 59. Nd4 Nxe5 60. Nb5 Ra5 61. Nd6 Rd5 62. Re4# 1-0

[Event "BUL Ch"]
[Site "Sofia BUL"]
[Date "1996.??.??"]
[Round "4"]
[White "Kolev, Atanas"]
[Black "Delchev, Aleksander"]
[Result "1/2-1/2"]
[WhiteElo "2510"]
[BlackElo "2505"]
[PlyCount "34"]
[EventDate "1996.??.??"]
[Source "www.chesslib.no"]
[SourceDate "2004.05.04"]

1. e4 c5 2. Nf3 Nc6 3. d4 cxd4 4. Nxd4 g6 5. Nc3 Bg7 6. Be3 Nf6 7. Bc4 Qa5 8. O-O O-O 9. Nb3 Qd8 10. Be2 d6 11. f4 Be6 12. f5 Bd7 13. g4 Ne5 14. g5 Ne8 15. Qe1 f6 16. fxg6 Nxg6 17. gxf6 Nxf6 1/2-1/2

[Event "Moscow (ol)"]
[Site "?"]
[Date "1994.??.??"]
[Round "?"]
[White "Kindermann, S."]
[Black "Landenbergue, C."]
[Result "1/2-1/2"]
[WhiteElo "2560"]
[BlackElo "2450"]
[PlyCount "44"]
[EventDate "1994.??.??"]
[Source "ChessBase"]
[SourceDate "1994.10.01"]

1. e4 c5 2. Nc3 Nc6 3. Nge2 g6 4. d4 cxd4 5. Nxd4 Bg7 6. Nb3 Nf6 7. Be2 O-O 8. O-O d6 9. Kh1 Be6 10. f4 Qc8 11. Be3 Rd8 12. Bg1 d5 13. e5 Ne4 14. Bd3 f5 15. exf6 exf6 16. f5 Nxc3 17. bxc3 Bf7 18. Nd4 Ne5 19. Ne2 Qc7 20. Bd4 Qd6 21. Nf4 Re8 22. Qd2 g5 1/2-1/2

[Event "Reykjavik"]
[Site "Reykjavik"]
[Date "1985.??.??"]
[Round "7"]
[White "Arnason, Jon L"]
[Black "Olafsson, Helgi"]
[Result "1/2-1/2"]
[WhiteElo "2495"]
[BlackElo "2515"]
[PlyCount "49"]
[EventDate "1985.02.??"]
[Source "ChessBase"]

1. e4 c5 2. Nf3 d6 3. d4 cxd4 4. Nxd4 Nf6 5. Nc3 a6 6. a4 g6 7. Be2 Bg7 8. O-O O-O 9. Nb3 Nc6 10. Be3 Be6 11. f4 Rc8 12. f5 Bd7 13. a5 Ne5 14. Bb6 Qe8 15. Bd3 e6 16. fxg6 fxg6 17. Qe2 Qe7 18. Nd2 Rf7 19. Nc4 Nfg4 20. Rxf7 Kxf7 21. Ra3 Kg8 22. h3 Nxc4 23. Bxc4 Ne5 24. Ba2 Bh6 25. Bf2 1/2-1/2

[Event "Elista ol (Men)"]
[Site "Elista"]
[Date "1998.10.12"]
[Round "13"]
[White "Thipsay, Praveen Mahadeo"]
[Black "Bacrot, Etienne"]
[Result "1/2-1/2"]
[WhiteElo "2450"]
[BlackElo "2555"]
[PlyCount "131"]
[EventDate "1998.09.29"]
[Source "ChessBase"]
[SourceDate "1998.11.06"]

1. e4 c5 2. Nf3 d6 3. d4 cxd4 4. Nxd4 Nf6 5. Nc3 Nc6 6. Be2 g6 7. O-O Bg7 8. Be3 O-O 9. Nb3 b6 10. f4 Bb7 11. Bf3 Rc8 12. Rf2 Nd7 13. Rb1 Nc5 14. Kh1 Nb8 15. Bd4 e5 16. Be3 Bh6 17. Qd2 exf4 18. Bxf4 Bxf4 19. Qxf4 Qe7 20. Rd1 Qe5 21. Qxe5 dxe5 22. Nd5 Kg7 23. c3 Rfd8 24. Nxc5 Rxc5 25. Ne3 Rxd1+ 26. Nxd1 Nd7 27. Rd2 Rc7 28. Nf2 Nc5 29. Rd1 f5 30. exf5 e4 31. Be2 gxf5 32. Nh3 Kf6 33. Kg1 Ke5 34. g3 Bd5 35. c4 Bf7 36. Kf2 b5 37. cxb5 Bxa2 38. Nf4 Nb7 39. Ra1 Bf7 40. Rxa7 Kd6 41. b6 Re7 42. Ba6 Kc6 43. Ke3 Kxb6 44. Rxb7+ Rxb7 45. Bxb7 Kxb7 46. Kd4 Kc6 47. Ke5 Kc5 48. b4+ Kxb4 49. Kxf5 e3 50. Ke4 Kc5 51. Kxe3 Kd6 52. Ke4 Be6 53. Nxe6 Kxe6 54. Kf4 Kf6 55. Kg4 Kg6 56. h3 Kf6 57. Kh5 Kg7 58. Kg5 Kf7 59. Kh6 Kg8 60. h4 Kh8 61. Kg5 Kg7 62. Kf5 Kf7 63. Kg5 Kg7 64. h5 Kf7 65. Kh6 Kg8 66. g4 1/2-1/2